Jefferson Airplane-White Rabbit (Lyrics) - Statistics

General Stats
  • This quiz has been taken 112 times
  • The average score is 104 of 134
Answer Stats
Answer % Correct
A
100%
And
98%
The
98%
You
98%
On
96%
Do
94%
One
94%
Go
93%
Makes
93%
Small,
93%
Small.
93%
When
93%
I
91%
Pill
91%
Your
91%
Alice
90%
All.
90%
She
90%
At
89%
Ten
89%
Feet
88%
Larger
88%
Mother
88%
Tall.
88%
That
88%
Ask
86%
She's
86%
Gives
85%
Anything
84%
Don't
84%
Rabbits
84%
Head!"
83%
Head.
83%
Head"
83%
White
83%
Of
79%
To
79%
Chasing
78%
Is
76%
Just
76%
Ones
76%
If
75%
Know
74%
Know.
74%
What
71%
Tell
68%
Said:
66%
Smoking
66%
Where
66%
Fall,
65%
Men
65%
Think
64%
Was
64%
With
64%
Her
63%
Knight
63%
Call.
61%
Call
61%
Going
61%
Mushroom
61%
Red
61%
"Off
60%
She'll
60%
Some
60%
Caterpillar
59%
Mind
59%
Remember
59%
Talking
59%
Backwards
58%
"Feed
58%
Feed
58%
Has
58%
Kind
55%
Given
54%
Hookah
54%
Queen's
53%
Up
53%
Get
51%
Had
50%
Have
50%
Logic
50%
Chessboard
49%
Moving
46%
You've
46%
'Em
45%
Doormouse
44%
Fallen
44%
Proportion
44%
Dead,
38%
Sloppy
31%
Low.
20%
No matching quizzes found
Score Distribution
Percent of People with Each Score
Percentile by Number Answered
Your Score History
You have not taken this quiz